000 01086nam a22001457a 4500
999 _c520143
_d520143
008 220704b ||||| |||| 00| 0 eng d
100 _aChawla, Arun
_931828
245 _aEmployment and human resource
260 _aYojana
300 _a66(3), Mar, 2022: p.47-49
520 _aThe Covid-19 pandemic has severely impacted the population globally in their economic well-being and long-term livelihoods. While the crisis has taken a toll on all socio-economic sections, the disadvantaged sections stand more vulnerable due to the disadvantaged sections stand more vulnerable due to the augmented risk of informal sector jobs, uncertain incomes, meagre savings and low accessibility to rescores, including technology, including. Skill development is a crucial sector relevant to economic growth and reaping India’s demographic divided. While most developed nations are experiencing an ageing population, India has the opportunity to produce skilled human resources and become the work’s skill capital – Reproduced
773 _aYojana
906 _aEMPLOYMENT
942 _cAR